| 000 | 00408nam a22001577a 4500 | ||
|---|---|---|---|
| 999 |
_c7952 _d7952 |
||
| 003 | OSt | ||
| 005 | 20190322112520.0 | ||
| 008 | 190322b ||||| |||| 00| 0 eng d | ||
| 040 | _cDLC | ||
| 082 |
_a494 _bO961B |
||
| 100 | _aOven, D. Albert/ | ||
| 245 |
_aBaptisma Atha Rooha In Jithenwala:/ _cby D. Albert Oven |
||
| 260 |
_aIndia: _bTruth for Todays _cc 2000 |
||
| 300 |
_a223 p.; _c20 cm |
||
| 942 |
_2ddc _cBK |
||